[Event "AUTO-OPEN-1221"]
[Site "http://www.queenalice.com/game.php?id=629122"]
[Date "2009.8.2"]
[Round "2"]
[White "SirKnight"]
[Black "neves"]
[Result "1-0"]
[WhiteElo "2072"]
[BlackElo "1665"]

1. e4 e5 2. Nf3 d6 3. d4 f6 4. dxe5 fxe5 5. Bc4 Nf6 6. Nc3 a6 7. Ng5 h6 8. Nf7
Qe7 9. Nxh8 Be6 10. Ng6 Qf7 11. Bxe6 Qxe6 12. Nxf8 Kxf8 13. Nd5 Nxd5 14. Qxd5
Qc8 15. f4 Nd7 16. fxe5 dxe5 17. O-O+ Nf6 18. Bxh6 gxh6 19. Rxf6+ Ke8 20. Qf7+
Kd8 21. Rd1+ 1-0

[Event "AUTO-OPEN-1221"]
[Site "http://www.queenalice.com/game.php?id=629123"]
[Date "2009.8.2"]
[Round "2"]
[White "neves"]
[Black "tariann"]
[Result "0-1"]
[WhiteElo "1728"]
[BlackElo "2064"]

1. d4 d5 2. f4 Nc6 3. e3 Nf6 4. Nd2 Bf5 5. Bd3 Bxd3 6. cxd3 e6 7. a3 Be7 8. e4
Nxd4 9. e5 Nd7 10. Ndf3 Nf5 11. g4 Bh4+ 12. Nxh4 Qxh4+ 13. Kd2 Nd4 14. h3 Qf2+
15. Kc3 Nc5 16. b4 Nb5# 0-1

[Event "AUTO-OPEN-1221"]
[Site "http://www.queenalice.com/game.php?id=629124"]
[Date "2009.8.2"]
[Round "2"]
[White "tariann"]
[Black "neves"]
[Result "1-0"]
[WhiteElo "2088"]
[BlackElo "1639"]

1. e4 e5 2. Nf3 d6 3. d4 f6 4. dxe5 dxe5 5. Qxd8+ Kxd8 6. Nc3 a5 7. Be3 b6 8.
O-O-O+ Bd7 9. Bb5 c6 10. Bxb6+ Ke8 11. Ba4 Ra6 12. Bc7 Ra8 13. Rd3 Na6 14. Bb6
Nb4 15. Rd2 Ra6 16. Be3 1-0

[Event "AUTO-OPEN-1194"]
[Site "http://www.queenalice.com/game.php?id=647627"]
[Date "2009.9.5"]
[Round "3"]
[White "neves"]
[Black "kamikaze"]
[Result "0-1"]
[WhiteElo "1626"]
[BlackElo "1513"]

1. d4 d5 2. h3 e6 3. a3 c5 4. c3 h6 5. e3 a6 6. b4 c4 7. g4 Be7 8. Qf3 Nf6 9. h4
Nc6 10. h5 b5 11. Qg3 Ne4 12. Qf3 Bh4 13. Nh3 O-O 14. Ra2 e5 15. dxe5 Nxe5 16.
Qg2 Bxg4 17. Be2 Bxh3 18. Rxh3 Nxf2 0-1

[Event "AUTO-OPEN-1194"]
[Site "http://www.queenalice.com/game.php?id=647628"]
[Date "2009.9.5"]
[Round "3"]
[White "kamikaze"]
[Black "neves"]
[Result "0-1"]
[WhiteElo "1699"]
[BlackElo "1632"]

1. d4 d5 2. e3 a6 3. c4 c6 4. h3 e6 5. a3 b5 6. c5 g6 7. Nf3 g5 8. Be2 f5 9. Nc3
h5 10. Ne5 Bg7 11. Bxh5+ Rxh5 0-1

[Event "AUTO-INT-1044"]
[Site "http://www.queenalice.com/game.php?id=695825"]
[Date "2009.12.10"]
[Round "3"]
[White "GM_Freitas"]
[Black "neves"]
[Result "1-0"]
[WhiteElo "2078"]
[BlackElo "1638"]

1. e4 e5 2. Nf3 d6 3. d4 f6 4. dxe5 dxe5 5. Qxd8+ Kxd8 6. Bc4 Nh6 7. Nc3 a6 8.
Bxh6 gxh6 9. O-O-O+ Bd6 10. Nd5 Rf8 11. Nb6 Ra7 12. Nxc8 1-0

[Event "AUTO-INT-1044"]
[Site "http://www.queenalice.com/game.php?id=695826"]
[Date "2009.12.10"]
[Round "3"]
[White "neves"]
[Black "GM_Freitas"]
[Result "0-1"]
[WhiteElo "1640"]
[BlackElo "2076"]

1. d4 Nf6 2. e3 d5 3. c3 Nc6 4. f4 Bf5 5. Nd2 Ng4 6. Qf3 e6 7. h3 Nf6 8. b4 a6
9. g4 Be4 10. Nxe4 Nxe4 11. Bd2 Qh4+ 12. Kd1 Nf2+ 0-1

[Event "Vamos jogar mais uma?"]
[Site "http://www.queenalice.com/game.php?id=756628"]
[Date "2010.4.5"]
[Round "-"]
[White "reibas"]
[Black "neves"]
[Result "0-1"]
[WhiteElo "1921"]
[BlackElo "1582"]

1. e4 e5 2. Nf3 d6 3. Nc3 h5 4. h4 f6 5. Bc4 Ne7 6. O-O Bg4 7. Nd5 Nxd5 8. Bxd5
c6 9. Bc4 b5 10. Be2 Qb6 11. d3 c5 12. c4 b4 13. b3 g6 14. Nd2 Bd7 15. Nf3 Nc6
16. Be3 Bh6 17. Bxh6 Rxh6 18. Qd2 Rh8 19. Qc2 O-O-O 20. a4 a5 21. Nh2 Nd4 22.
Qb2 Rdf8 23. f4 f5 24. fxe5 dxe5 25. Nf3 Qc7 26. Nxd4 cxd4 27. Rac1 f4 28. c5
Bc6 29. Qc2 Be8 30. Qc4 Bf7 31. Qa6+ Kd8 32. Qf6+ Qe7 33. Qxe7+ Kxe7 34. Rb1 Rc8
35. Rfc1 Rc6 36. Kf2 Rhc8 37. g3 Rxc5 38. Rxc5 Rxc5 39. gxf4 exf4 40. Kf3 Rc3
41. Kxf4 Rxb3 42. Rg1 Rb2 43. Bd1 Rd2 44. Rg5 Rxd1 45. Rxa5 b3 46. Ke5 b2 47.
Ra7+ Kf8 48. Kf6 Rf1+ 49. Kg5 b1=Q 0-1

[Event "+ uma?"]
[Site "http://www.queenalice.com/game.php?id=848807"]
[Date "2010.10.21"]
[Round "-"]
[White "reibas"]
[Black "neves"]
[Result "1-0"]
[WhiteElo "1860"]
[BlackElo "1612"]

1. e4 e5 2. Nf3 d6 3. Bc4 f6 4. d4 Ne7 5. d5 a6 6. a4 a5 7. Ba2 c6 8. c4 cxd5 9.
cxd5 Qb6 10. Nbd2 g5 11. h3 Na6 12. Nc4 Qc5 13. Be3 Qc7 14. Bb6 Qd7 15. Bxa5 Nc5
16. Nb6 Qd8 17. b4 Nxe4 18. Nxa8 Qd7 19. Nc7+ Kf7 20. O-O Nf5 21. b5 h5 22. Qc2
Nc5 23. Ne6 Nd4 24. Nfxd4 exd4 25. Nxd4 g4 26. h4 Qe7 27. Bb1 Rg8 28. Qh7+ Rg7
29. Qxh5+ Kg8 30. Bg6 Rh7 31. Bxh7+ Qxh7 32. Qxh7+ Kxh7 33. f4 f5 34. g3 Bg7 35.
Bc3 b6 36. Rfe1 Bf6 37. a5 bxa5 38. Rxa5 Ne4 39. Re3 Kg6 40. Ra7 Nxc3 41. Ne6
Nxb5 42. Nf8+ Kh6 43. Rh7# 1-0

[Event "Voceporaqui?"]
[Site "http://www.queenalice.com/game.php?id=1121729"]
[Date "2012.11.13"]
[Round "-"]
[White "neves"]
[Black "Fabio"]
[Result "1/2-1/2"]
[WhiteElo "1606"]
[BlackElo "1641"]

1. d4 d5 2. e3 Nf6 3. f3 Nc6 4. c3 Bf5 5. Bd3 e6 6. g4 Bxd3 7. Qxd3 e5 8. Ne2
exd4 9. exd4 Qe7 10. O-O g6 11. Ng3 Nd7 12. Be3 h5 13. g5 h4 14. Ne2 Nb6 15. Nd2
Nc4 16. Nxc4 dxc4 17. Qd2 O-O-O 18. h3 f5 19. f4 Qe4 20. Rf2 Bd6 21. Raf1 Rh7
22. Rf3 Re7 23. Nc1 Rde8 24. Qe2 Na5 25. b4 cxb3 26. axb3 Qc6 27. c4 Bxf4 28.
Rxf4 Rxe3 29. Qc2 Rg3+ 30. Kh2 Rxg5 31. Rg1 1/2-1/2

[Event "Challenge"]
[Site "http://www.queenalice.com/game.php?id=1487371"]
[Date "2017.7.24"]
[Round "-"]
[White "corbe"]
[Black "neves"]
[Result "0-1"]
[WhiteElo "1287"]
[BlackElo "1610"]

1. e4 e5 2. Qf3 h5 3. g4 g6 4. Bc4 Nf6 5. g5 Bg7 6. gxf6 Qxf6 7. Qd3 d6 8. Nc3
Be6 9. Bxe6 Qxe6 10. Qb5+ Nd7 11. Qxb7 Ke7 12. Nd5+ Qxd5 13. Qxd5 a5 0-1